书目信息 |
| 题名: |
全民健康推进中的大众体育健身需求与方法探索
|
|
| 作者: | 郭立三 著 | |
| 分册: | ||
| 出版信息: | 北京 中国水利水电出版社 2019.3 |
|
| 页数: | 260页 | |
| 开本: | 24cm | |
| 丛书名: | ||
| 单 册: | ||
| 中图分类: | G811.4 | |
| 科图分类: | ||
| 主题词: | 全民健身--研究 | |
| 电子资源: | ||
| ISBN: | 978-7-5170-7276-8 | |
| 000 | 01122nam0 2200253 45 | |
| 001 | 012001000898 | |
| 005 | 20130910084411.0 | |
| 010 | @a978-7-5170-7276-8@dCNY82.00 | |
| 099 | @aCAL 012019063025 | |
| 100 | @a20190515d2019 em y0chiy0110 ea | |
| 101 | 0 | @achi |
| 102 | @aCN@b110000 | |
| 105 | @aa a 000yy | |
| 106 | @ar | |
| 200 | 1 | @a全民健康推进中的大众体育健身需求与方法探索@Aquan min jian kang tui jin zhong de da zhong ti yu jian shen xu qiu yu fang fa tan suo@f郭立三著 |
| 210 | @a北京@c中国水利水电出版社@d2019.3 | |
| 215 | @a260页@c图@d24cm | |
| 320 | @a有书目 (第258-260页) | |
| 330 | @a本书以大众体育健身为研究对象, 在阐述大众体育健身理论与方法的基础上, 重点研究了大众实用体育健身手段、体育俱乐部健身、社区体育健身路径、广场舞健身等内容, 分别对以上健身路径及其锻炼方法做出了详细的讲解。本书语言简练、结构清晰、内容丰富, 系统性、时代性、创新性等特点显著, 还具有非常高的参考和借鉴价值。本书对于我国大众健身运动的发展具有一定的指导意义。 | |
| 606 | 0 | @a全民健身@x研究 |
| 690 | @aG811.4@v5 | |
| 701 | 0 | @a郭立三@AGuo Lisan@4著 |
| 801 | @aCN@b江苏凤凰@c20211018 | |
| 905 | @b1341449-52@dG811.4@e102@f4 | |
| 全民健康推进中的大众体育健身需求与方法探索/郭立三著.-北京:中国水利水电出版社,2019.3 |
| 260页:图;24cm |
| ISBN 978-7-5170-7276-8:CNY82.00 |
| 本书以大众体育健身为研究对象, 在阐述大众体育健身理论与方法的基础上, 重点研究了大众实用体育健身手段、体育俱乐部健身、社区体育健身路径、广场舞健身等内容, 分别对以上健身路径及其锻炼方法做出了详细的讲解。本书语言简练、结构清晰、内容丰富, 系统性、时代性、创新性等特点显著, 还具有非常高的参考和借鉴价值。本书对于我国大众健身运动的发展具有一定的指导意义。 |
| ● |
| 相关链接 |
|
|
|
|
正题名:全民健康推进中的大众体育健身需求与方法探索
索取号:G811.4/102
 
预约/预借
| 序号 | 登录号 | 条形码 | 馆藏地/架位号 | 状态 | 备注 |
| 1 | 1341449 | 213414492 | 第一样本阅览室/ [索取号:G811.4/102] | 在馆 | |
| 2 | 1341450 | 213414508 | 第四借阅区/ [索取号:G811.4/102] | 在馆 | |
| 3 | 1341451 | 213414517 | 第四借阅区/ [索取号:G811.4/102] | 在馆 | |
| 4 | 1341452 | 213414526 | 第四借阅区/ [索取号:G811.4/102] | 在馆 |